书目信息 |
| 题名: |
成化后青花瓷
|
|
| 作者: | 张怀林 主编 ;林瀚 著 | |
| 分册: | ||
| 出版信息: | 北京 北京工艺美术出版社 2011.01 |
|
| 页数: | 86页, [1] 叶图版 | |
| 开本: | 23cm | |
| 丛书名: | 海外珍藏中华瑰宝丛书 | |
| 单 册: | ||
| 中图分类: | K876.34 | |
| 科图分类: | ||
| 主题词: | 青花瓷 (考古)--qing hua ci(kao gu)--研究--中国--明代 | |
| 电子资源: | ||
| ISBN: | 978-7-80526-940-5 | |
| 000 | 01087nam 2200265 450 | |
| 001 | 012011249937 | |
| 005 | 20110809112548.35 | |
| 010 | @a978-7-80526-940-5@dCNY36.00 | |
| 100 | @a20110729d2011 em y0chiy0120 ea | |
| 101 | 0 | @achi |
| 102 | @aCN@b110000 | |
| 105 | @aaf z 000yy | |
| 106 | @ar | |
| 200 | 1 | @a成化后青花瓷@Acheng hua hou qing hua ci@f张怀林主编@Fzhang huai lin zhu bian@g林瀚著@Glin han zhu |
| 210 | @a北京@c北京工艺美术出版社@d2011.01 | |
| 215 | @a86页, [1] 叶图版@c图@d23cm | |
| 225 | 2 | @a海外珍藏中华瑰宝丛书@Ahai wai zhen cang zhong hua gui bao cong shu |
| 330 | @a本书介绍了青花瓷简述、明代中期的青花瓷、明代晚期青花瓷等五部分内容。中国工艺美术是华夏文明熠熠闪光的瑰宝,是我国广大人民劳动与智慧的结晶,它见证了中华五千年光辉而曲折的发展历程,铭刻着数不尽的文化和科技信息。 | |
| 410 | 0 | @12001 @a海外珍藏中华瑰宝丛书 |
| 606 | 0 | @a青花瓷 (考古)@Aqing hua ci(kao gu)@x研究@y中国@z明代 |
| 690 | @aK876.34@v4 | |
| 701 | 0 | @a张怀林@Azhang huai lin@4主编 |
| 702 | 0 | @a林瀚@Alin han@4著 |
| 801 | 0 | @aCN@bQSSK@c20110809 |
| 905 | @b793799-801@dK876.34@eZ113@f3 | |
| 成化后青花瓷/张怀林主编/林瀚著.-北京:北京工艺美术出版社,2011.01 |
| 86页, [1] 叶图版:图;23cm.-(海外珍藏中华瑰宝丛书) |
| ISBN 978-7-80526-940-5:CNY36.00 |
| 本书介绍了青花瓷简述、明代中期的青花瓷、明代晚期青花瓷等五部分内容。中国工艺美术是华夏文明熠熠闪光的瑰宝,是我国广大人民劳动与智慧的结晶,它见证了中华五千年光辉而曲折的发展历程,铭刻着数不尽的文化和科技信息。 |
| ● |
| 相关链接 |
|
|
|
正题名:成化后青花瓷
索取号:K876.34/Z113
 
预约/预借
| 序号 | 登录号 | 条形码 | 馆藏地/架位号 | 状态 | 备注 |
| 1 | 793799 | 207937991 | 社科库309/309社科库 8排3列3层/ [索取号:K876.34/Z113] | 在馆 | |
| 2 | 793800 | 207938008 | 社科库309/309社科库 8排3列3层/ [索取号:K876.34/Z113] | 在馆 | |
| 3 | 793801 | 207938017 | 社科库309/309社科库 8排3列3层/ [索取号:K876.34/Z113] | 在馆 |